|
|
|
|
| LEADER |
02138cas a2200457 a 4500 |
| 001 |
c000281662 |
| 003 |
CARM |
| 005 |
20080422124240.0 |
| 008 |
810721d18971921gw qr p 0 b0ger d |
| 010 |
|
|
|a sf 83009058
|
| 019 |
1 |
|
|a 3026095
|5 LACONCORD2021
|
| 035 |
|
|
|a (OCoLC)7602121
|5 LACONCORD2021
|
| 040 |
|
|
|a NcU
|b eng
|c NcU
|d InU
|d DLC
|d MH
|d NST
|d OCoLC
|d LC
|
| 042 |
|
|
|a lc
|
| 050 |
0 |
0 |
|a QH5
|b .S4
|
| 082 |
0 |
4 |
|a 574/.05
|2 19
|
| 245 |
0 |
0 |
|a Bericht der Senckenbergischen Naturforschenden Gesellschaft in Frankfurt am Main.
|
| 260 |
|
|
|a Frankfurt a.M. :
|b Die Gesellschaft,
|c 1897-1921.
|
| 300 |
|
|
|a 24 v. :
|b ill. ;
|c 23 cm.
|
| 310 |
|
|
|a Quarterly,
|b 1910-1921
|
| 321 |
|
|
|a Annual,
|b 1897-1909
|
| 362 |
0 |
|
|a 1897-
|
| 362 |
1 |
|
|a Ceased with: 51., Heft 4 (Dez. 1921).
|
| 500 |
|
|
|a Title from cover.
|
| 515 |
|
|
|a Issues for 1909- called 40.-
|
| 515 |
|
|
|a Report year ends June 30, 1897-1908.
|
| 650 |
|
0 |
|a Natural history
|v Periodicals.
|
| 710 |
2 |
|
|a Senckenbergische Naturforschende Gesellschaft.
|
| 780 |
0 |
0 |
|t Bericht über die Senckenbergische Naturforschende Gesellschaft in Frankfurt am Main
|w (DLC)sn 90023826
|w (OCoLC)7411146
|
| 785 |
0 |
0 |
|t Aus Natur und Museum
|w (DLC)sf 83001137
|w (OCoLC)7602214
|
| 852 |
8 |
|
|b CARM
|h A1:AL09F0
|i C10719
|p 0467202
|f SE
|
| 852 |
8 |
|
|b CARM
|h A1:AL09F0
|i C10718
|p 0498886
|f SE
|
| 852 |
8 |
|
|b CARM
|h A1:AL09F0
|i C10718
|p 0498885
|f SE
|
| 852 |
8 |
|
|b CARM
|h A1:AQ21F0
|i C10727
|p 0467311
|f SE
|
| 866 |
|
0 |
|a (1903/04)-51(1921) Inc.
|
| 866 |
|
0 |
|a (1903/04)-51(1921) Inc.
|
| 999 |
f |
f |
|i a6dc1759-3fe1-5b20-82c6-1e0c207aa62c
|s 3f4fcc47-5a43-5741-b6a0-ec6da8d98567
|
| 952 |
f |
f |
|p Can circulate
|a CAVAL
|b CAVAL
|c CAVAL
|d CARM 1 Store
|e C10718
|f A1:AL09F0
|h Other scheme
|i book
|k 37(1905/06)-39(1907/08)
|m 0498886
|
| 952 |
f |
f |
|p Can circulate
|a CAVAL
|b CAVAL
|c CAVAL
|d CARM 1 Store
|e C10719
|f A1:AL09F0
|h Other scheme
|i book
|k (1903/04)-(1904/05); 45/46(1914/14)-47/48(1919)
|m 0467202
|
| 952 |
f |
f |
|p Can circulate
|a CAVAL
|b CAVAL
|c CAVAL
|d CARM 1 Store
|e C10718
|f A1:AL09F0
|h Other scheme
|i book
|k 40(1909)-44(1913)
|m 0498885
|
| 952 |
f |
f |
|p Can circulate
|a CAVAL
|b CAVAL
|c CAVAL
|d CARM 1 Store
|e C10727
|f A1:AQ21F0
|h Other scheme
|i book
|k 49(1919)-51(1921)
|m 0467311
|